000 00620nam a2200253Ia 4500
003 OSt
005 20221007062414.0
006 a|||||r|||| 00| 0
007 ta
008 221006b |||||||| |||| 00| 0 eng d
024 _a10,186
037 _cTextual
040 _aFLL
_cFLL
_beng
041 _2eng
_aeng
082 _aZ2:3, K8.1
100 _aRow Sanjiva Au.
_9682653
245 0 _aContracts
250 _a7th
260 _aAllahabad
_bLaw pub. India
_c1968
300 _ax,952p
_ccm.
490 _vVol.1
942 _hZ2:3, K8.1
_cTEXL
_2CC
999 _c1128495
_d1128495